Manažment a príprava manažérov v podmienkach silnejúcej globalizácie
Teoretické prístupy manažmentu v procese globalizácie a vplyv globalizačného procesu na riadenie. Personálny manažment a vzdelávanie v čase globalizácie - výzva pre ekonomické fakulty v SR
Salvato in:
| Autore principale: | |
|---|---|
| Natura: | Capitolo di libro |
| Lingua: | slovacco |
| Soggetti: | |
| Tags: |
Nessun Tag, puoi essere il primo ad aggiungerne!!
|
MARC
| LEADER | 00000naa$a2200000$$$4500 | ||
|---|---|---|---|
| 001 | 0045460 | ||
| 005 | 20240502071527.7 | ||
| 041 | 0 | |a slo | |
| 044 | |a SK | ||
| 245 | 1 | 0 | |a Manažment a príprava manažérov v podmienkach silnejúcej globalizácie |c Juraj Chebeň |
| 520 | |a Teoretické prístupy manažmentu v procese globalizácie a vplyv globalizačného procesu na riadenie. Personálny manažment a vzdelávanie v čase globalizácie - výzva pre ekonomické fakulty v SR | ||
| 610 | 2 | 0 | |a globalizácia |
| 610 | 2 | 0 | |a globalizácia hospodárstva |
| 610 | 2 | 0 | |a manažment |
| 610 | 2 | 0 | |a marketing |
| 610 | 2 | 0 | |a konkurencieschopnosť |
| 610 | 2 | 0 | |a vzdelávanie |
| 610 | 2 | 0 | |a Slovensko |
| 100 | 1 | |a Chebeň, Juraj | |